00400nam a2200133Ia 4500008004100000082002700041100000500068245002800073260007300101300000700174650002800181650003000209700002700239140316s9999 xx 000 0 und d aAR/1996-97bICAR/NAARM a aAnnual Report 1996 - 97 aIndiabNational Academy of Agricultural Research Managementc1996-97 a64 aFacilities and Services aProgrammes and Activities aVenkateswarlu,K et al.